[Event "VIII Floripa Chess Open 2022 - LIRA - mesa 1 a 205 - HOTEL FAIAL - 206 a 246"]
[Site "Lira Tênis Clube - Florianópolis/SC"]
[Date "2022.01.25"]
[Round "3"]
[Board "40"]
[White "Cordeiro, Marco Aurelio Zaror"]
[Black "Backes, Jorge Henrique"]
[Result "0-1"]
[WhiteElo "2165"]
[BlackElo "1821"]
[PlyCount "88"]
[EventDate "2022.01.24"]
[EventRounds "10"]
[EventCountry "BRA"]

1. e4 d6 2. d4 Nf6 3. f3 g6 4. Nc3 a6 5. Be3 b5 6. Qd2 Nbd7 7. O-O-O Nb6 8. d5
Bb7 9. Qf2 b4 10. Nb1 Bg7 11. Bd3 Rc8 12. Ne2 Na4 13. Bd4 c5 14. dxc6 Rxc6 15.
b3 Nc5 16. Bxc5 Rxc5 17. Kd2 Qa5 18. Ke1 Qxa2 19. Nd2 O-O 20. Nc4 Nd7 21. Kf1
d5 22. Nb6 Rc7 23. Nxd5 Bxd5 24. exd5 Qb2 25. Nf4 Nc5 26. Bc4 Nb7 27. Nd3 Qa3
28. Qb6 Rfc8 29. Qxb4 Qa2 30. Qd2 Nd6 31. Nb4 Nxc4 32. Nxa2 Nxd2+ 33. Rxd2 Rxc2
34. Ke2 Bh6 35. Rhd1 Bxd2 36. Rxd2 Rxd2+ 37. Kxd2 Rd8 38. Nc3 e6 39. Kd3 exd5
40. b4 Kf8 41. Kd4 Ke7 42. b5 a5 43. b6 Kd6 44. Na4 Kc6  0-1

[Event "VIII Floripa Chess Open 2022 - LIRA - mesa 1 a 205 - HOTEL FAIAL - 206 a 246"]
[Site "Lira Tênis Clube - Florianópolis/SC"]
[Date "2022.01.25"]
[Round "3"]
[Board "41"]
[White "Valim, Luiz Claudio"]
[Black "Caetano, Hugo Zanotti Mendonca"]
[Result "0-1"]
[WhiteElo "1970"]
[BlackElo "2161"]
[PlyCount "70"]
[EventDate "2022.01.24"]
[EventRounds "10"]
[EventCountry "BRA"]

1. e4 c5 2. Nf3 Nc6 3. b4 cxb4 4. d4 d6 5. d5 Nb8 6. Bb2 Nf6 7. Bb5+ Bd7 8. Qe2
a6 9. Bd3 Bg4 10. h3 Bxf3 11. Qxf3 g6 12. O-O Nbd7 13. c4 bxc3 14. Nxc3 Ne5 15.
Qe2 Nxd3 16. Qxd3 Bg7 17. a4 Nd7 18. Rfb1 O-O 19. Ne2 Nc5 20. Qe3 Bxb2 21. Rxb2
Qd7 22. a5 Rac8 23. Nd4 Rc7 24. Ra3 Rfc8 25. Re2 e5 26. Nf5 Nxe4 27. Nh6+ Kg7
28. Ng4 f5 29. Qh6+ Kh8 30. Rxe4 fxe4 31. Rg3 Qf7 32. Ne3 Rc1+ 33. Nf1 R1c2 34.
Ne3 Qxf2+ 35. Kh2 Qf4  0-1

[Event "VIII Floripa Chess Open 2022 - LIRA - mesa 1 a 205 - HOTEL FAIAL - 206 a 246"]
[Site "Lira Tênis Clube - Florianópolis/SC"]
[Date "2022.01.25"]
[Round "3"]
[Board "42"]
[White "Carstens Dobuchak, Thiago"]
[Black "Menezes, Jose Eduardo Carneiro"]
[Result "1/2-1/2"]
[WhiteElo "2153"]
[BlackElo "1818"]
[PlyCount "75"]
[EventDate "2022.01.24"]
[EventRounds "10"]
[EventCountry "BRA"]

1. e4 c5 2. Nf3 d6 3. d4 cxd4 4. Nxd4 Nf6 5. Nc3 a6 6. h3 e5 7. Nb3 Be6 8. Be3
Be7 9. Qf3 b5 10. O-O-O Qc7 11. g4 h6 12. Kb1 Nbd7 13. Nd5 Bxd5 14. exd5 Nb6
15. Bxb6 Qxb6 16. Bd3 a5 17. Nd2 a4 18. Ne4 a3 19. b3 Nxe4 20. Bxe4 b4 21. h4
Rc8 22. Rh2 Rc5 23. Bd3 Rc3 24. Qe4 Qc5 25. Bc4 Kd8 26. Re1 Bf6 27. Kc1 g6 28.
Kd1 Qc7 29. Bd3 Qc5 30. Qf3 Ke7 31. Qe4 Kd8 32. Re3 Qd4 33. Ke2 Qxe4 34. Rxe4
Rc5 35. Rxb4 Rxd5 36. Ra4 Rd4 37. Ra8+ Ke7 38. Ra7+  1/2-1/2

[Event "VIII Floripa Chess Open 2022 - LIRA - mesa 1 a 205 - HOTEL FAIAL - 206 a 246"]
[Site "Lira Tênis Clube - Florianópolis/SC"]
[Date "2022.01.25"]
[Round "3"]
[Board "43"]
[White "Da Silva, Vinicius R. Rodrigues"]
[Black "Tomiello, Lucas Costamilan"]
[Result "0-1"]
[WhiteElo "1846"]
[BlackElo "2146"]
[PlyCount "52"]
[EventDate "2022.01.24"]
[EventRounds "10"]
[EventCountry "BRA"]

1. c4 e5 2. g3 Nc6 3. Bg2 f5 4. e3 g6 5. Ne2 Bg7 6. O-O Nf6 7. d4 d6 8. Nbc3
O-O 9. b3 Bd7 10. Bb2 Re8 11. Qd2 Rb8 12. Rad1 h5 13. dxe5 Nxe5 14. Nf4 Kh7 15.
Nfd5 Bc6 16. Nxf6+ Bxf6 17. Nd5 Bg7 18. e4 Bxd5 19. Qxd5 Rf8 20. f4 Ng4 21.
Bxg7 Kxg7 22. exf5 Rxf5 23. Qd4+ Qf6 24. Qxa7 Re8 25. Rfe1 Rxe1+ 26. Rxe1 Ra5
 0-1

[Event "VIII Floripa Chess Open 2022 - LIRA - mesa 1 a 205 - HOTEL FAIAL - 206 a 246"]
[Site "Lira Tênis Clube - Florianópolis/SC"]
[Date "2022.01.25"]
[Round "3"]
[Board "44"]
[White "Machado, Gilmar Dias"]
[Black "Federzoni, Enzo"]
[Result "0-1"]
[WhiteElo "1786"]
[BlackElo "2138"]
[PlyCount "82"]
[EventDate "2022.01.24"]
[EventRounds "10"]
[EventCountry "BRA"]

1. e4 c5 2. d4 cxd4 3. c3 Nf6 4. e5 Nd5 5. Nf3 e6 6. Bc4 d6 7. cxd4 Be7 8. Nc3
Nxc3 9. bxc3 Qc7 10. Qe2 d5 11. Bb5+ Bd7 12. Bd2 Bxb5 13. Qxb5+ Nd7 14. Rb1 Rb8
15. a4 O-O 16. a5 b6 17. a6 Rbc8 18. O-O Nb8 19. Ra1 Qc4 20. Rfb1 Qxb5 21. Rxb5
Nc6 22. Kf1 Na5 23. Raxa5 bxa5 24. Rb7 Rfe8 25. Rxa7 Ra8 26. Rb7 Rxa6 27. Rb2
a4 28. Ke2 a3 29. Ra2 f6 30. Kd1 Rb8 31. Kc2 Rab6 32. Bc1 Rc8 33. g3 Rbc6 34.
Bd2 Bb4 35. Kd1 Be7 36. Kc2 R6c7 37. h4 h5 38. Kd3 Rb7 39. Kc2 Kf7 40. Kc1 Rcb8
41. Ra1 Rb2  0-1

[Event "VIII Floripa Chess Open 2022 - LIRA - mesa 1 a 205 - HOTEL FAIAL - 206 a 246"]
[Site "Lira Tênis Clube - Florianópolis/SC"]
[Date "2022.01.25"]
[Round "3"]
[Board "45"]
[White "Nakata, Thifanni Harumi"]
[Black "Moura, Eduardo Eugenio Chaves"]
[Result "1/2-1/2"]
[WhiteElo "1766"]
[BlackElo "2127"]
[PlyCount "31"]
[EventDate "2022.01.24"]
[EventRounds "10"]
[EventCountry "BRA"]

1. d4 d6 2. Nf3 Nf6 3. c4 Nbd7 4. Nc3 e5 5. e4 Be7 6. Be2 O-O 7. O-O c6 8. Qc2
a6 9. a4 a5 10. Be3 Ng4 11. Bc1 Qb6 12. d5 Nc5 13. h3 Nf6 14. Be3 Bd7 15. Nd2
Rac8 16. f4  1/2-1/2

[Event "VIII Floripa Chess Open 2022 - LIRA - mesa 1 a 205 - HOTEL FAIAL - 206 a 246"]
[Site "Lira Tênis Clube - Florianópolis/SC"]
[Date "2022.01.27"]
[Round "5"]
[Board "11"]
[White "Bittencourt, Jorge"]
[Black "Luz, Arthur Nader"]
[Result "0-1"]
[WhiteElo "2408"]
[BlackElo "2169"]
[PlyCount "66"]
[EventDate "2022.01.24"]
[EventRounds "10"]
[EventCountry "BRA"]

1. d4 Nf6 2. c4 g6 3. Nc3 Bg7 4. e4 d6 5. Nf3 O-O 6. Be2 e5 7. Be3 Nbd7 8. O-O
Qe7 9. Qc2 c6 10. d5 c5 11. Ne1 Kh8 12. g4 Ng8 13. f3 f5 14. exf5 gxf5 15. gxf5
Nh6 16. Bd3 Nf6 17. Bg5 Qd7 18. f4 Nfg4 19. fxe5 Bxe5 20. Nf3 Qg7 21. Qg2 Bxc3
22. bxc3 Bxf5 23. Bxf5 Rxf5 24. Bd2 Rg8 25. Kh1 Qf7 26. Ng5 Qh5 27. Rxf5 Nxf5
28. Rg1 Nfh6 29. h3 Rg6 30. Rf1 Ne5 31. Qf2 Nhg4 32. Qg3 h6 33. Ne6 Nf6  0-1

[Event "VIII Floripa Chess Open 2022 - LIRA - mesa 1 a 205 - HOTEL FAIAL - 206 a 246"]
[Site "Lira Tênis Clube - Florianópolis/SC"]
[Date "2022.01.27"]
[Round "5"]
[Board "12"]
[White "De Borba, Gabriel"]
[Black "Rodi, Luis Ernesto"]
[Result "1-0"]
[WhiteElo "2149"]
[BlackElo "2347"]
[PlyCount "105"]
[EventDate "2022.01.24"]
[EventRounds "10"]
[EventCountry "BRA"]

1. e4 e5 2. Nf3 Nc6 3. Bb5 a6 4. Ba4 Nf6 5. d3 d6 6. c3 g6 7. O-O Bg7 8. Re1
O-O 9. h3 b5 10. Bc2 Nb8 11. a4 Bb7 12. Na3 Nbd7 13. Bg5 bxa4 14. Nc4 Nb6 15.
Na5 Bc8 16. d4 Qe8 17. dxe5 dxe5 18. c4 Nfd7 19. Be3 Qe7 20. Bxa4 Nxa4 21. Qxa4
Nb6 22. Qc6 Be6 23. Bc5 Qf6 24. Bxf8 Rxf8 25. Qxc7 Nxc4 26. Nxc4 Rc8 27. Qxe5
Rxc4 28. Qxf6 Bxf6 29. Rxa6 Bxb2 30. Ng5 Bc8 31. Ra8 h6 32. Rb1 Bf6 33. Nf3 Kh7
34. e5 Bg7 35. Ra7 Be6 36. Rd1 g5 37. Nd4 Bd5 38. Rd7 Rc5 39. Re1 Ba2 40. e6
fxe6 41. Nxe6 Bxe6 42. Rxe6 Rc8 43. Ree7 Rg8 44. h4 gxh4 45. f4 h5 46. f5 Kh6
47. Re6+ Kg5 48. Rg6+ Kxf5 49. Rgxg7 Ra8 50. Rdf7+ Ke6 51. Rf3 Ra5 52. Kh2 Ra1
53. Rg5  1-0

[Event "VIII Floripa Chess Open 2022 - LIRA - mesa 1 a 205 - HOTEL FAIAL - 206 a 246"]
[Site "Lira Tênis Clube - Florianópolis/SC"]
[Date "2022.01.27"]
[Round "5"]
[Board "13"]
[White "Ferreira, Vitor Hugo Vieira"]
[Black "Rodrigues, Edgar"]
[Result "1/2-1/2"]
[WhiteElo "2123"]
[BlackElo "2345"]
[PlyCount "64"]
[EventDate "2022.01.24"]
[EventRounds "10"]
[EventCountry "BRA"]

1. e4 c5 2. Nf3 e6 3. d4 cxd4 4. Nxd4 a6 5. c4 Nf6 6. Nc3 Qc7 7. a3 b6 8. Bd3
Bb7 9. O-O d6 10. Qe2 Be7 11. Bd2 O-O 12. Rac1 Nbd7 13. f4 Rac8 14. b4 Rfe8 15.
Nf3 Qb8 16. Rce1 e5 17. f5 Bf8 18. Nh4 b5 19. cxb5 axb5 20. Kh1 d5 21. Nxd5
Nxd5 22. exd5 Bxd5 23. Bxb5 Red8 24. f6 g6 25. Nf5 gxf5 26. Rxf5 Kh8 27. Bxd7
Rxd7 28. Rh5 Rc4 29. Rxh7+ Kxh7 30. Qh5+ Kg8 31. Qg5+ Kh8 32. Qh5+ Kg8  1/2-1/2

[Event "VIII Floripa Chess Open 2022 - LIRA - mesa 1 a 205 - HOTEL FAIAL - 206 a 246"]
[Site "Lira Tênis Clube - Florianópolis/SC"]
[Date "2022.01.27"]
[Round "5"]
[Board "14"]
[White "Labussiere, Victor"]
[Black "Kropff, Ricardo"]
[Result "1-0"]
[WhiteElo "2341"]
[BlackElo "2132"]
[PlyCount "57"]
[EventDate "2022.01.24"]
[EventRounds "10"]
[EventCountry "BRA"]

1. c4 Nf6 2. Nc3 d5 3. cxd5 Nxd5 4. Nf3 Nxc3 5. bxc3 g6 6. h4 h6 7. g3 Bg7 8.
Bg2 O-O 9. O-O Nd7 10. d4 c5 11. e4 Qa5 12. Qb3 Nb6 13. Bd2 Bd7 14. Rac1 Ba4
15. Qb1 Nc4 16. Bf4 Bb5 17. Rfe1 cxd4 18. cxd4 Rac8 19. d5 Nb2 20. Rxc8 Rxc8
21. Rc1 Rxc1+ 22. Qxc1 Bc4 23. Bxh6 Qxa2 24. Bxg7 Kxg7 25. Qc3+ Kg8 26. Ne5 Qb3
27. Qa5 Qb6 28. Qa3 Nd1 29. Qf3  1-0

[Event "VIII Floripa Chess Open 2022 - LIRA - mesa 1 a 205 - HOTEL FAIAL - 206 a 246"]
[Site "Lira Tênis Clube - Florianópolis/SC"]
[Date "2022.01.27"]
[Round "5"]
[Board "15"]
[White "Nemeth Junior, Henrique"]
[Black "Oliveira, Silvio Eduardo"]
[Result "0-1"]
[WhiteElo "2113"]
[BlackElo "2322"]
[PlyCount "102"]
[EventDate "2022.01.24"]
[EventRounds "10"]
[EventCountry "BRA"]

1. c4 g6 2. Nc3 Bg7 3. d4 Nf6 4. e4 d6 5. h3 O-O 6. Nge2 e5 7. d5 Na6 8. g4 Nc5
9. Ng3 c6 10. g5 Ne8 11. Be3 cxd5 12. Nxd5 Ne6 13. Qd2 Nd4 14. Be2 Be6 15. f4
Nxe2 16. Nxe2 exf4 17. Nexf4 Rc8 18. Rc1 Be5 19. h4 Bxd5 20. Nxd5 f5 21. O-O
Ng7 22. Bd4 Ne6 23. Bxe5 dxe5 24. Nf6+ Rxf6 25. Qxd8+ Rxd8 26. gxf6 Nd4 27. Kf2
Kf7 28. h5 Kxf6 29. hxg6 hxg6 30. exf5 gxf5 31. Rh1 e4 32. Rh7 f4 33. Rh6+ Kg5
34. Rh3 e3+ 35. Rxe3 fxe3+ 36. Kxe3 Nf5+ 37. Ke4 Rd2 38. b4 Rxa2 39. Kd5 Kf6
40. b5 Rd2+ 41. Kc5 Ke6 42. Re1+ Kd7 43. Ra1 Kc7 44. Rxa7 Nd6 45. b6+ Kd7 46.
Ra4 Ne4+ 47. Kb5 Rb2+ 48. Ka5 Kc6 49. Ra3 Kc5 50. Ka4 Rb4+ 51. Ka5 Rxb6  0-1

[Event "VIII Floripa Chess Open 2022 - LIRA - mesa 1 a 205 - HOTEL FAIAL - 206 a 246"]
[Site "Lira Tênis Clube - Florianópolis/SC"]
[Date "2022.01.27"]
[Round "5"]
[Board "16"]
[White "Takano, Nicholas Ryo"]
[Black "Aranha Filho, Alvaro Z."]
[Result "0-1"]
[WhiteElo "2111"]
[BlackElo "2283"]
[PlyCount "100"]
[EventDate "2022.01.24"]
[EventRounds "10"]
[EventCountry "BRA"]

1. e4 c5 2. Nf3 e6 3. d4 cxd4 4. Nxd4 Nc6 5. Nc3 Qc7 6. Nxc6 dxc6 7. Bd3 e5 8.
O-O Nf6 9. Qe2 Bc5 10. Kh1 Qe7 11. Bg5 h6 12. Bh4 g5 13. Bg3 h5 14. f3 h4 15.
Bf2 Nh5 16. Qe1 Be6 17. Bxc5 Qxc5 18. Qf2 Qxf2 19. Rxf2 Nf4 20. Rd1 O-O-O 21.
Rfd2 g4 22. Ne2 Nxd3 23. Rxd3 gxf3 24. Rxd8+ Rxd8 25. Rxd8+ Kxd8 26. gxf3 Bxa2
27. Kg2 Be6 28. f4 Bg4 29. Ng1 exf4 30. Nf3 h3+ 31. Kf2 Ke7 32. Ne5 Bd1 33. c3
Kf6 34. Nd3 Kg5 35. Ke1 Bf3 36. Nf2 Bg2 37. Ke2 Kf6 38. Kd3 Ke5 39. Ng4+ Ke6
40. Nf2 f5 41. exf5+ Kxf5 42. Kd4 b6 43. b4 a5 44. bxa5 bxa5 45. c4 a4 46. Kc3
c5 47. Nd3 a3 48. Nxc5 a2 49. Kb2 Bf1 50. Kxa2 f3  0-1

[Event "VIII Floripa Chess Open 2022 - LIRA - mesa 1 a 205 - HOTEL FAIAL - 206 a 246"]
[Site "Lira Tênis Clube - Florianópolis/SC"]
[Date "2022.01.27"]
[Round "5"]
[Board "17"]
[White "Urquiza, Marcello De Albuquerque"]
[Black "Gazel, Frederico"]
[Result "1/2-1/2"]
[WhiteElo "2099"]
[BlackElo "2279"]
[PlyCount "120"]
[EventDate "2022.01.24"]
[EventRounds "10"]
[EventCountry "BRA"]

1. e4 c5 2. d4 cxd4 3. Qxd4 Nc6 4. Qe3 Nf6 5. c4 d6 6. Nf3 g6 7. Be2 Bg7 8. O-O
O-O 9. Nc3 Ng4 10. Qd3 Nge5 11. Nxe5 Nxe5 12. Qe3 Bd7 13. b3 a6 14. a4 Rc8 15.
Ra2 Nc6 16. Rd1 Nb4 17. Rad2 Re8 18. Ba3 Qa5 19. Nd5 Nxd5 20. Rxd5 b5 21. cxb5
Rc3 22. Qd2 Rec8 23. Bb2 axb5 24. Bxb5 Be6 25. Bd7 Bxd5 26. Bxc8 Bxb3 27. Rf1
Bc4 28. Ra1 Qb4 29. a5 Qb3 30. Bxc3 Bxc3 31. Qd1 Bxa1 32. Qxa1 Qb8 33. Bg4 Qb4
34. Bf3 e5 35. h3 Ba6 36. Qd1 Bb7 37. Qa1 Ba6 38. Qd1 Qc5 39. Qb1 Kg7 40. Qb8
Bd3 41. Qb6 Qxb6 42. axb6 Ba6 43. Be2 Bb7 44. Bc4 Bxe4 45. Ba6 Kf8 46. b7 Bxb7
47. Bxb7 Ke7 48. Kf1 d5 49. Ke2 Kd6 50. Ke3 Kc5 51. f3 Kd6 52. g4 h6 53. h4 Kc5
54. g5 hxg5 55. hxg5 Kd6 56. Ba6 Ke7 57. Bb7 Kd6 58. Kd2 Ke6 59. Bc8+ Ke7 60.
Bb7 Ke6  1/2-1/2

[Event "VIII Floripa Chess Open 2022 - LIRA - mesa 1 a 205 - HOTEL FAIAL - 206 a 246"]
[Site "Lira Tênis Clube - Florianópolis/SC"]
[Date "2022.01.27"]
[Round "5"]
[Board "18"]
[White "Villalba, Marcelo"]
[Black "Moura, Eduardo Eugenio Chaves"]
[Result "1-0"]
[WhiteElo "2258"]
[BlackElo "2127"]
[PlyCount "97"]
[EventDate "2022.01.24"]
[EventRounds "10"]
[EventCountry "BRA"]

1. e4 d6 2. d4 Nf6 3. Nc3 e5 4. Nf3 Nbd7 5. Bc4 Be7 6. O-O O-O 7. Re1 c6 8. a4
b6 9. d5 cxd5 10. Nxd5 Bb7 11. b3 Rc8 12. Re2 Nxd5 13. Bxd5 Bxd5 14. Qxd5 Nf6
15. Qd1 d5 16. exd5 e4 17. Ng5 Qxd5 18. Qxd5 Nxd5 19. Nxe4 f5 20. c4 fxe4 21.
cxd5 Rfd8 22. Rxe4 Bf6 23. Rb1 Rxd5 24. Be3 Rc3 25. g3 Kf7 26. h4 h5 27. b4 Rc2
28. b5 Rd7 29. Rbb4 Rd1+ 30. Kg2 Ra1 31. Kf3 Ra3 32. Rbc4 Rac3 33. Rxc3 Rxc3
34. Ke2 Rc7 35. Kd3 Rc3+ 36. Kd2 Rc7 37. Bf4 Rd7+ 38. Ke3 Be7 39. Be5 a6 40.
bxa6 Ra7 41. Bd4 Bd8 42. Re5 Rxa6 43. Rxh5 Rxa4 44. Rd5 Be7 45. Bxb6 Ra6 46.
Bd4 g6 47. Rd7 Ra4 48. Ra7 Rb4 49. Rxe7+  1-0

[Event "VIII Floripa Chess Open 2022 - LIRA - mesa 1 a 205 - HOTEL FAIAL - 206 a 246"]
[Site "Lira Tênis Clube - Florianópolis/SC"]
[Date "2022.01.27"]
[Round "5"]
[Board "19"]
[White "De Souza, Regis Gabetta"]
[Black "Marra, Eduardo Da Costa"]
[Result "1/2-1/2"]
[WhiteElo "1800"]
[BlackElo "2222"]
[PlyCount "249"]
[EventDate "2022.01.24"]
[EventRounds "10"]
[EventCountry "BRA"]

1. d4 Nf6 2. c4 e6 3. Nc3 Bb4 4. Qc2 O-O 5. a3 Bxc3+ 6. Qxc3 d5 7. Nf3 dxc4 8.
Qxc4 b6 9. Bg5 Bb7 10. Rc1 h6 11. Qxc7 Qxc7 12. Rxc7 hxg5 13. Rxb7 Re8 14. Nxg5
Nc6 15. Rxf7 Nxd4 16. f3 Nh7 17. Rd7 Nc2+ 18. Kf2 Nxg5 19. h4 Nf7 20. e3 Red8
21. Bb5 Rxd7 22. Bxd7 Rd8 23. Rd1 Kf8 24. Rc1 Rxd7 25. Rxc2 Ke7 26. Ke2 Kd8 27.
g4 Rc7 28. Rd2+ Ke7 29. f4 Nd6 30. Kf3 Nc4 31. Re2 Rd7 32. Rc2 b5 33. a4 a6 34.
axb5 axb5 35. Ke2 Kd6 36. h5 Ra7 37. b3 Nb6 38. g5 Ra1 39. Rd2+ Ke7 40. Rd1 Ra3
41. Rh1 Nd5 42. h6 gxh6 43. gxh6 Ra8 44. Kf3 Rh8 45. Rh5 b4 46. e4 Nf6 47. Rh1
Ng8 48. Ke3 Rxh6 49. Rg1 Kf7 50. Kd4 Rh3 51. Rb1 Nf6 52. f5 Rh4 53. fxe6+ Kxe6
54. Re1 Rh8 55. Ra1 Rd8+ 56. Kc4 Rb8 57. Ra4 Nxe4 58. Rxb4 Nd2+ 59. Kc3 Nb1+
60. Kc4 Na3+ 61. Kc3 Nb5+ 62. Kc4 Nd6+ 63. Kc3 Rc8+ 64. Kd3 Kd5 65. Rd4+ Kc5
66. Rh4 Rg8 67. Kc2 Rg3 68. Kb2 Re3 69. Rh5+ Kb4 70. Rh4+ Ne4 71. Kc2 Ka3 72.
Rf4 Rc3+ 73. Kd1 Nd6 74. Rd4 Nb5 75. Kd2 Kb2 76. Rd3 Rc8 77. Ke3 Ka3 78. Ke4
Kb4 79. Ke3 Nc3 80. Rd7 Kxb3 81. Kd3 Nb5 82. Rd5 Kb4 83. Rh5 Rc3+ 84. Ke4 Rc1
85. Kd3 Rd1+ 86. Ke2 Rd8 87. Ke3 Kc4 88. Re5 Nc3 89. Ra5 Re8+ 90. Kf4 Kd4 91.
Kf5 Re1 92. Ra8 Rf1+ 93. Ke6 Rb1 94. Ra6 Ke4 95. Rc6 Nb5 96. Rc4+ Nd4+ 97. Kd6
Ra1 98. Kc5 Ra5+ 99. Kd6 Rh5 100. Ra4 Rh6+ 101. Kd7 Rg6 102. Ra1 Nb5 103. Ra5
Rb6 104. Ra1 Kd5 105. Ke7 Nc3 106. Ra5+ Ke4 107. Kd7 Nd5 108. Ra1 Rh6 109. Re1+
Ne3 110. Ra1 Ke5 111. Re1 Rh7+ 112. Kc6 Kd4 113. Ra1 Rg7 114. Ra8 Rg6+ 115. Kb5
Nc4 116. Rd8+ Nd6+ 117. Kb4 Kd5 118. Rh8 Rg4+ 119. Kb3 Rg3+ 120. Kb4 Rd3 121.
Rh5+ Kc6 122. Rh6 Kb6 123. Rg6 Kc6 124. Rh6 Rg3 125. Rh8  1/2-1/2

[Event "VIII Floripa Chess Open 2022 - LIRA - mesa 1 a 205 - HOTEL FAIAL - 206 a 246"]
[Site "Lira Tênis Clube - Florianópolis/SC"]
[Date "2022.01.27"]
[Round "5"]
[Board "20"]
[White "Alboredo, Julia"]
[Black "Guerrero, Alvaro"]
[Result "1-0"]
[WhiteElo "2200"]
[BlackElo "2123"]
[PlyCount "43"]
[EventDate "2022.01.24"]
[EventRounds "10"]
[EventCountry "BRA"]

1. e4 c6 2. d4 d5 3. e5 Bf5 4. h4 h5 5. Bd3 Bxd3 6. Qxd3 e6 7. Bg5 Qb6 8. Nd2
Nd7 9. Ngf3 Nh6 10. O-O Nf5 11. c4 Qa6 12. Qc3 dxc4 13. Nxc4 Nb6 14. Ne3 Ne7
15. Nd2 Ned5 16. Qb3 f6 17. exf6 gxf6 18. Bxf6 Rg8 19. Bg5 Bg7 20. Nxd5 Nxd5
21. Qf3 Rh8 22. Rfe1  1-0

[Event "VIII Floripa Chess Open 2022 - LIRA - mesa 1 a 205 - HOTEL FAIAL - 206 a 246"]
[Site "Lira Tênis Clube - Florianópolis/SC"]
[Date "2022.01.27"]
[Round "5"]
[Board "21"]
[White "Santos, Marcus Vinicius Moreira"]
[Black "Jimenez Capilla, Jose Alfonso"]
[Result "1-0"]
[WhiteElo "2346"]
[BlackElo "2002"]
[PlyCount "87"]
[EventDate "2022.01.24"]
[EventRounds "10"]
[EventCountry "BRA"]

1. d4 d5 2. c4 e6 3. Nc3 a6 4. cxd5 exd5 5. Qb3 c6 6. e4 dxe4 7. Bc4 Qe7 8. a4
Nf6 9. Bg5 Nbd7 10. Nge2 h6 11. Bh4 g5 12. Bg3 Bg7 13. O-O O-O 14. f4 Ng4 15.
fxg5 hxg5 16. Nd1 Ndf6 17. h3 Nh6 18. Ne3 Be6 19. Bxe6 fxe6 20. Nc4 Nf5 21. Ne5
Kh7 22. Bf2 Nd5 23. Qc2 Bxe5 24. dxe5 e3 25. Be1 Kg7 26. Qe4 Nh6 27. Bc3 Rxf1+
28. Rxf1 Rf8 29. Rf6 Nxf6 30. exf6+ Rxf6 31. Ng3 Kf8 32. Qe5 Rf5 33. Qxe3 Rd5
34. Ne4 Nf5 35. Qf3 Qd7 36. Qh5 e5 37. Qh8+ Ke7 38. Qf6+ Ke8 39. Qxg5 Rd1+ 40.
Kh2 Qf7 41. Bxe5 Kd7 42. Qg4 Re1 43. Bg3 Kd8 44. Bxe1  1-0

[Event "VIII Floripa Chess Open 2022 - LIRA - mesa 1 a 205 - HOTEL FAIAL - 206 a 246"]
[Site "Lira Tênis Clube - Florianópolis/SC"]
[Date "2022.01.27"]
[Round "5"]
[Board "22"]
[White "Oliveira, Tiago Batista"]
[Black "Pires, Marcos Vinicius Torsani"]
[Result "1/2-1/2"]
[WhiteElo "2025"]
[BlackElo "2302"]
[PlyCount "61"]
[EventDate "2022.01.24"]
[EventRounds "10"]
[EventCountry "BRA"]

1. d4 d5 2. c4 e6 3. Nf3 Nf6 4. g3 Be7 5. Bg2 O-O 6. O-O c6 7. Nbd2 b6 8. Qc2
Bb7 9. Rd1 Nbd7 10. e4 Rc8 11. e5 Ne8 12. cxd5 cxd5 13. Qa4 a5 14. Bf1 Nc7 15.
Bd3 Ba6 16. Nf1 Bxd3 17. Rxd3 Bb4 18. Bg5 Qe8 19. a3 b5 20. Qd1 Be7 21. Rc3
Bxg5 22. Nxg5 f6 23. exf6 gxf6 24. Rac1 fxg5 25. Rxc7 Rxc7 26. Rxc7 Nf6 27. Qc2
Qh5 28. Rc8 Qg4 29. Rxf8+ Kxf8 30. Qc8+ Kg7 31. Ne3 $11  1/2-1/2

[Event "VIII Floripa Chess Open 2022 - LIRA - mesa 1 a 205 - HOTEL FAIAL - 206 a 246"]
[Site "Lira Tênis Clube - Florianópolis/SC"]
[Date "2022.01.27"]
[Round "5"]
[Board "23"]
[White "Cadilhac, Igor Tokuichi Kikuchi"]
[Black "Peroza, Eduardo Antunes"]
[Result "1/2-1/2"]
[WhiteElo "2283"]
[BlackElo "2009"]
[PlyCount "47"]
[EventDate "2022.01.24"]
[EventRounds "10"]
[EventCountry "BRA"]

1. e4 c5 2. Nf3 Nc6 3. Bb5 g6 4. O-O Bg7 5. Re1 e5 6. Bxc6 dxc6 7. d3 Qc7 8. a3
a5 9. Be3 b6 10. Nbd2 Nf6 11. h3 O-O 12. a4 Nd7 13. Nc4 Re8 14. c3 Ba6 15. Qb3
Rab8 16. Qa2 Nf8 17. Rad1 Ne6 18. Ng5 Rbd8 19. Rf1 Rd7 20. Nxe6 Rxe6 21. f4
exf4 22. Bxf4 Qd8 23. Qb1 Bxc4 24. dxc4 $11  1/2-1/2

[Event "VIII Floripa Chess Open 2022 - LIRA - mesa 1 a 205 - HOTEL FAIAL - 206 a 246"]
[Site "Lira Tênis Clube - Florianópolis/SC"]
[Date "2022.01.27"]
[Round "5"]
[Board "24"]
[White "Guimaraes, Diogo Duarte"]
[Black "Cordero, Daniela"]
[Result "1-0"]
[WhiteElo "2273"]
[BlackElo "2011"]
[PlyCount "108"]
[EventDate "2022.01.24"]
[EventRounds "10"]
[EventCountry "BRA"]

1. e4 e6 2. d4 d5 3. Nd2 a6 4. Bd3 c5 5. dxc5 Nf6 6. b4 a5 7. c3 axb4 8. cxb4
b6 9. Ngf3 bxc5 10. bxc5 Bxc5 11. O-O O-O 12. e5 Nfd7 13. Nb3 Be7 14. Qc2 g6
15. Bh6 Re8 16. Nbd4 Nc5 17. Bb5 Bd7 18. a4 Qc7 19. h4 Nc6 20. Nxc6 Bxc6 21.
Be3 Rec8 22. Rfc1 Bb7 23. Ra3 Qd8 24. Rc3 Na6 25. Rxc8 Rxc8 26. Qe2 Rxc1+ 27.
Bxc1 Qc8 28. Be3 Bd8 29. h5 Nb4 30. Nd4 Qc7 31. hxg6 hxg6 32. Nxe6 fxe6 33. Qg4
Kf7 34. Qxb4 Qxe5 35. Bd4 Qf4 36. Bf1 Qc7 37. a5 Ba8 38. Bb6 Qb8 39. Ba6 e5 40.
Qc5 Be7 41. Qc1 Qd6 42. Qc8 Qc6 43. Qh8 d4 44. Bf1 Bf6 45. Qh3 e4 46. Qh7+ Ke6
47. Qxg6 d3 48. Qh6 Qd5 49. Be3 Qxa5 50. g4 Kf7 51. g5 Bg7 52. g6+ Kg8 53. Qh7+
Kf8 54. Bh6 Bxh6  1-0

[Event "VIII Floripa Chess Open 2022 - LIRA - mesa 1 a 205 - HOTEL FAIAL - 206 a 246"]
[Site "Lira Tênis Clube - Florianópolis/SC"]
[Date "2022.01.27"]
[Round "5"]
[Board "25"]
[White "Cesarini Da Silva, Leonardo"]
[Black "Cominato Neto, Jose Luis"]
[Result "0-1"]
[WhiteElo "2011"]
[BlackElo "2272"]
[PlyCount "98"]
[EventDate "2022.01.24"]
[EventRounds "10"]
[EventCountry "BRA"]

1. d4 d5 2. c4 dxc4 3. e4 b5 4. a4 c6 5. Nc3 b4 6. Na2 a5 7. Bxc4 Nf6 8. f3 e6
9. Ne2 Be7 10. Be3 O-O 11. Nac1 Nbd7 12. Nd3 Qb6 13. Rc1 Rd8 14. Qb3 Nd5 15.
Bf2 Qb8 16. exd5 exd5 17. Bxd5 cxd5 18. O-O Ba6 19. Rfe1 Bc4 20. Qd1 b3 21. Nc3
Bb4 22. Ne5 Nxe5 23. Rxe5 Bd6 24. Rh5 g6 25. Rh3 Bf4 26. Ra1 Re8 27. g3 Bd6 28.
Qd2 Bf8 29. Qg5 Qd8 30. Qf4 Qd6 31. Qh4 h6 32. f4 Qe7 33. Qg4 Be2 34. Qh4 Qxh4
35. gxh4 Bc4 36. h5 Kh7 37. Kg2 Bb4 38. hxg6+ fxg6 39. Re1 Kg7 40. Rg3 Kf7 41.
Re5 Bxc3 42. bxc3 Rxe5 43. dxe5 Rb8 44. e6+ Ke8 45. f5 gxf5 46. Kf3 b2 47. Rg1
b1=Q 48. Rg8+ Ke7 49. Bc5+ Kxe6  0-1